Loading...

Trace elements in agriculture

Bibliographic Details
Main Author: Sauchelli, V
Format: Printed Book
Language:Undetermined
English
Published: New York Van Nostrand Reinhold Company 1969
Subjects:
LEADER 00522nam a2200157Ia 4500
008 140306s9999 xx 000 0 und d
041 |a eng 
082 |a 540  |b SAU/TR 
100 |a Sauchelli, V 
245 |a Trace elements in agriculture 
260 |a New York  |b Van Nostrand Reinhold Company  |c 1969 
300 |a 247 
650 |a Physical chemistry 
942 |2 ddc  |c BK 
999 |c 114066  |d 114066 
952 |0 0  |1 0  |2 ddc  |4 0  |6 540_000000000000000_SAUTR  |7 0  |9 112003  |a KAUHCV  |b KAUHCV  |d 2004-04-20  |o 540 SAU/TR  |p KAU_HCV-861  |r 2014-03-22  |w 2014-03-22  |y BK